<?xml version="1.0" encoding="UTF-8"?>
<record
    xmlns:xsi="http://www.w3.org/2001/XMLSchema-instance"
    xsi:schemaLocation="http://www.loc.gov/MARC21/slim http://www.loc.gov/standards/marcxml/schema/MARC21slim.xsd"
    xmlns="http://www.loc.gov/MARC21/slim">

  <leader>00850nam a22002297a 4500</leader>
  <controlfield tag="005">20240610164233.0</controlfield>
  <controlfield tag="008">220523b           ||||| |||| 00| 0 eng d</controlfield>
  <datafield tag="020" ind1=" " ind2=" ">
    <subfield code="a">8171951198</subfield>
  </datafield>
  <datafield tag="040" ind1=" " ind2=" ">
    <subfield code="c">Aloy</subfield>
  </datafield>
  <datafield tag="041" ind1=" " ind2=" ">
    <subfield code="a">hin</subfield>
  </datafield>
  <datafield tag="082" ind1=" " ind2=" ">
    <subfield code="2">23</subfield>
    <subfield code="a">294.4H</subfield>
    <subfield code="b">JAIA</subfield>
  </datafield>
  <datafield tag="100" ind1=" " ind2=" ">
    <subfield code="a">Jain Vishwbharati</subfield>
    <subfield code="9">169958</subfield>
  </datafield>
  <datafield tag="100" ind1=" " ind2=" ">
    <subfield code="9">38434</subfield>
    <subfield code="d">&#x91C;&#x948;&#x928; &#x935;&#x93F;&#x936;&#x94D;&#x935; &#x92D;&#x93E;&#x930;&#x924;&#x940;  </subfield>
  </datafield>
  <datafield tag="245" ind1=" " ind2=" ">
    <subfield code="a">Atma ka darshan: Jain dharm: tatv aur achar </subfield>
    <subfield code="b">&#x906;&#x924;&#x94D;&#x92E;&#x93E; &#x915;&#x93E; &#x926;&#x930;&#x94D;&#x936;&#x928;: &#x91C;&#x948;&#x928;&#x927;&#x930;&#x94D;&#x92E;: &#x924;&#x924;&#x94D;&#x935; &#x914;&#x930; &#x905;&#x91A;&#x93E;&#x930; </subfield>
  </datafield>
  <datafield tag="260" ind1=" " ind2=" ">
    <subfield code="a">Ladnum</subfield>
    <subfield code="b">Jain Vishw Bharti</subfield>
    <subfield code="c">2005</subfield>
  </datafield>
  <datafield tag="300" ind1=" " ind2=" ">
    <subfield code="a">xii,461p.</subfield>
    <subfield code="b">HB</subfield>
    <subfield code="c">23x13cm.</subfield>
  </datafield>
  <datafield tag="365" ind1=" " ind2=" ">
    <subfield code="2">Religion</subfield>
  </datafield>
  <datafield tag="650" ind1=" " ind2=" ">
    <subfield code="a">Jainism: &#x91C;&#x948;&#x928;&#x927;&#x930;&#x94D;&#x92E;</subfield>
    <subfield code="9">38435</subfield>
  </datafield>
  <datafield tag="650" ind1=" " ind2=" ">
    <subfield code="a">Jain Philosophy:  &#x91C;&#x948;&#x928; &#x924;&#x924;&#x94D;&#x935; </subfield>
    <subfield code="9">38436</subfield>
  </datafield>
  <datafield tag="700" ind1=" " ind2=" ">
    <subfield code="a">Jain Vishw Bharati:  &#x91C;&#x948;&#x928; &#x935;&#x93F;&#x936;&#x94D;&#x935; &#x92D;&#x93E;&#x930;&#x924;&#x940;</subfield>
    <subfield code="9">38437</subfield>
  </datafield>
  <datafield tag="942" ind1=" " ind2=" ">
    <subfield code="2">ddc</subfield>
    <subfield code="c">GF</subfield>
  </datafield>
  <datafield tag="999" ind1=" " ind2=" ">
    <subfield code="c">223060</subfield>
    <subfield code="d">223060</subfield>
  </datafield>
  <datafield tag="952" ind1=" " ind2=" ">
    <subfield code="0">0</subfield>
    <subfield code="1">0</subfield>
    <subfield code="2">ddc</subfield>
    <subfield code="4">0</subfield>
    <subfield code="7">0</subfield>
    <subfield code="8">OTH</subfield>
    <subfield code="a">AL</subfield>
    <subfield code="b">AL</subfield>
    <subfield code="d">2013-03-24</subfield>
    <subfield code="l">0</subfield>
    <subfield code="o">294.4H JAIA</subfield>
    <subfield code="p">GF02801</subfield>
    <subfield code="r">2022-05-23 00:00:00</subfield>
    <subfield code="w">2022-05-23</subfield>
    <subfield code="y">GF</subfield>
  </datafield>
</record>
